000 00418nam a22001577a 4500
020 _a9788120338401
082 _a621.31042 SIV
100 _aSivanagaraju, S
245 _aPower electronics
260 _aNew Delhi, India
_bPHI Learning
_c2010
300 _axiii, 553 p.
_bill. ;
500 _aIncludes index.
650 _aPower Electronics
700 _aReddy, M. Balasubba and Prasad A. Mallikarjuna
942 _cBK
999 _c12467
_d12467